China : (Record no. 22552)

MARC details
000 -LEADER
fixed length control field 00810cam a2200277u 4500
001 - CONTROL NUMBER
control field 10236596
003 - CONTROL NUMBER IDENTIFIER
control field BDDh-ASL
005 - DATE AND TIME OF LATEST TRANSACTION
control field 20231015030136.0
008 - FIXED-LENGTH DATA ELEMENTS--GENERAL INFORMATION
fixed length control field 811123s1950 enkab 000 0 eng
010 ## - LIBRARY OF CONGRESS CONTROL NUMBER
LC control number 50011632
040 ## - CATALOGING SOURCE
Original cataloging agency DLC
Transcribing agency CarP
Modifying agency DLC
-- BDDh-ASL
043 ## - GEOGRAPHIC AREA CODE
Geographic area code a-cc---
050 00 - LIBRARY OF CONGRESS CALL NUMBER
Classification number DS721
Item number .F55 1950
082 ## - DEWEY DECIMAL CLASSIFICATION NUMBER
Classification number 954.306
Item number FIC
100 1# - MAIN ENTRY--PERSONAL NAME
Personal name Fitzgerald, C. P.
Fuller form of name (Charles Patrick),
Dates associated with a name 1902-1992.
245 10 - TITLE STATEMENT
Title China :
Remainder of title a short cultural history /
250 ## - EDITION STATEMENT
Edition statement Rev. ed.
260 ## - PUBLICATION, DISTRIBUTION, ETC.
Place of publication, distribution, etc. London :
Name of publisher, distributor, etc. Cresset Press,
Date of publication, distribution, etc. [1950]
300 ## - PHYSICAL DESCRIPTION
Extent xviii, 619 p. :
Other physical details illus., maps (1 fold.)
Dimensions 26 cm.
650 #0 - SUBJECT ADDED ENTRY--TOPICAL TERM
Topical term or geographic name entry element Art, Chinese.
651 #0 - SUBJECT ADDED ENTRY--GEOGRAPHIC NAME
Geographic name China
General subdivision Civilization.
651 #0 - SUBJECT ADDED ENTRY--GEOGRAPHIC NAME
Geographic name China
General subdivision History.
651 #0 - SUBJECT ADDED ENTRY--GEOGRAPHIC NAME
Geographic name China
General subdivision Religion.
906 ## - LOCAL DATA ELEMENT F, LDF (RLIN)
a 0
b cbc
c premunv
d u
e ncip
f 19
g y-gencatlg
942 ## - ADDED ENTRY ELEMENTS (KOHA)
Source of classification or shelving scheme Dewey Decimal Classification
Koha item type Books
Holdings
Withdrawn status Lost status Source of classification or shelving scheme Damaged status Not for loan Collection code Home library Current library Shelving location Date acquired Source of acquisition Total Checkouts Full call number Barcode Date last seen Copy number Price effective from Koha item type Public note
    Dewey Decimal Classification     Non-fiction Asiatic Society Library Asiatic Society Library General Stacks 03/01/2021 ASB Library Collections   954.306 FIC 106831 03/01/2021 C-1 03/01/2021 Books RARE

Powered by Koha